| 000 | 01356 a2200253 4500 | ||
|---|---|---|---|
| 001 | 128153 | ||
| 040 | _cEscola Canadense de Niteroi | ||
| 090 | _aCOH | ||
| 100 | _aCohen, Marleine | ||
| 245 | 1 | 0 | _aJohn Lennon |
| 250 | _a1. ed. | ||
| 260 | _aSão Paulo | ||
| 300 |
_a111 p. _bil. |
||
| 362 | 0 | _a2006 | |
| 490 | 0 | _aPersonagens que marcaram época | |
| 520 | _aUm, dois, três... cinco tiros na noite de 8 de dezembro de 1980, em Nova Iorque. Do edifício Dakota, em frente ao Central Park, um homem ensanguentado, casaco de couro, é levado às pressas ao hospital. O sonho acabava de fato. Por decisão e obra de um lunático, Mark Chapman, morria Lennon e, com ele, a esperança dos fãs de ver os Beatles reunidos novamente. Mas quem foi John Winston Lennon? Do nascimento em Liverpool sob bombardeio aéreo, durante a Segunda Guerra Mundial, ao abandono do pai e morte da mãe, atropelada em frente de casa; dos primeiros acordes regados a anfetamina e álcool na Alemanha ao mágico encontro com Yoko Ono, numa galeria de arte, e às campanhas humanitárias que o rotulavam de subversivo, John Lennon foi irreverência e criatividade. | ||
| 650 | 4 | _aNão Ficção | |
| 650 | 4 | _aBiografia | |
| 650 | 4 | _aMúsica | |
| 650 | 4 | _aMusicos | |
| 650 | 4 | _aLiteratura para Jovem Adulto | |
| 650 | 4 | _aPersonagens Históricos | |
| 942 | _cBK | ||
| 999 |
_c128153 _d128153 |
||